All 12 Zodiac Signs in 60 Seconds Quiz Stats

 Plays Quiz not verified by Sporcle

Challenge
Share
Tweet
Embed
Score 0/12 Timer 01:00
1 Play Today
% Correct
Leo
95.1%
Cancer
90.2%
Aquarius
86.9%
Aries
83.6%
Libra
83.6%
Gemini
83.6%
Virgo
83.6%
Pisces
83.6%
Capricorn
82%
Taurus
80.3%
Scorpio
73.8%
Sagittarius
73.8%

You're not logged in!

Compare scores with friends on all Sporcle quizzes.
Join for Free
OR
Log In

You Might Also Like...

Show Comments

Extras

Created Jan 26, 2016ReportNominate
Tags:60 Seconds, second, sign, zodiac

Top Quizzes Today


Score Distribution

Your Account Isn't Verified!

In order to create a playlist on Sporcle, you need to verify the email address you used during registration. Go to your Sporcle Settings to finish the process.

Report this User

Report this user for behavior that violates our Community Guidelines.

Details: